[Event "African Individual Chess Championships 2"]
[Site "Safari Hotel, Windhoek, Namibi"]
[Date "2014.12.20"]
[Round "7.8"]
[White "Ameir, Moheb"]
[Black "Kayonde, Andrew"]
[Result "0-1"]
[WhiteElo "2316"]
[BlackElo "2336"]
[PlyCount "62"]
[EventDate "2014.12.13"]
[EventRounds "9"]
[EventCountry "NAM"]

1. e4 c6 2. d4 d5 3. exd5 cxd5 4. Bd3 Nc6 5. c3 Nf6 6. Bf4 Bg4 7. Nf3 Qb6 8.
Qb3 Bxf3 9. Qxb6 axb6 10. gxf3 e6 11. Nd2 Kd7 12. a3 Bd6 13. Bxd6 Kxd6 14.
O-O-O Nh5 15. Rhg1 Nf4 16. Kc2 Nxd4+ 17. cxd4 Rac8+ 18. Kb1 Nxd3 19. Rxg7 Ke7
20. Nf1 Nxf2 21. Rd2 Nh3 22. Rg3 Nf4 23. Rg4 Nh5 24. Rd3 Nf6 25. Rg3 h5 26. Rb3
h4 27. Rg2 Rhg8 28. Rf2 Rc6 29. Nd2 Rg1+ 30. Ka2 h3 31. Re3 Nh5 {WHITE RESIGN}
0-1

[Event "African Individual Chess Championships 2"]
[Site "Safari Hotel, Windhoek, Namibi"]
[Date "2014.12.20"]
[Round "7.9"]
[White "Phiri, Richmond"]
[Black "Fumey, Enyonam Sewa"]
[Result "1-0"]
[WhiteElo "2143"]
[BlackElo "1780"]
[PlyCount "71"]
[EventDate "2014.12.13"]
[EventRounds "9"]
[EventCountry "NAM"]

1. d4 d5 2. c4 Nc6 3. Nf3 e5 4. cxd5 Qxd5 5. Nc3 Bb4 6. Bd2 Bxc3 7. Bxc3 e4 8.
Ne5 e3 9. fxe3 Nf6 10. Qd3 Nxe5 11. dxe5 Qxd3 12. exd3 Nd5 13. g3 b6 14. d4 Bb7
15. Bb5+ Ke7 16. Ke2 a5 17. Bc4 Ba6 18. Bxa6 Rxa6 19. a4 Rb8 20. Rhc1 b5 21.
axb5 Rxb5 22. Kd3 a4 23. Ra3 Kd7 24. Rca1 Rh6 25. h4 Rg6 26. g4 h5 27. g5 Ra6
28. Rxa4 Rxa4 29. Rxa4 Ke6 30. Ke4 Rb3 31. Ra6+ Nb6 32. Kd3 Kf5 33. Ra7 Kg4 34.
Rxc7 Nd5 35. Rxf7 Nf4+ 36. Kc2 1-0

[Event "African Individual Chess Championships 2"]
[Site "Safari Hotel, Windhoek, Namibi"]
[Date "2014.12.20"]
[Round "7.11"]
[White "Olebile, Thato"]
[Black "Anquandah, Francis Eric"]
[Result "1-0"]
[WhiteElo "2207"]
[BlackElo "1952"]
[PlyCount "93"]
[EventDate "2014.12.13"]
[EventRounds "9"]
[EventCountry "NAM"]

1. Nf3 Nf6 2. d3 d5 3. Nbd2 Bf5 4. g3 e6 5. Bg2 c6 6. O-O Nbd7 7. Re1 Bc5 8. h3
Qb6 9. e3 O-O 10. Nb3 Be7 11. Nh4 Bg6 12. e4 Bh5 13. g4 Nxg4 14. hxg4 Bxh4 15.
Be3 c5 16. gxh5 d4 17. Bf4 e5 18. Bh2 f5 19. Rf1 Qf6 20. Nd2 Qh6 21. Qe2 f4 22.
Qg4 Qg5 23. Qxg5 Bxg5 24. Nf3 Bf6 25. Bh3 Rfd8 26. c3 dxc3 27. bxc3 Kf7 28.
Rfd1 Nb6 29. a4 a5 30. Kf1 Rd6 31. d4 Rad8 32. d5 Nc4 33. Nd2 Nxd2+ 34. Rxd2
Rb6 35. f3 Rb3 36. Rc2 Be7 37. Be6+ Kf6 38. Bg1 Rb6 39. Bf2 Kg5 40. Bg4 g6 41.
hxg6 Rxg6 42. Ke2 h5 43. Bxh5 Rh6 44. Bg4 Rdh8 45. Rb2 b6 46. Bf5 Bd8 47. Rg1+
{BLACK RESIGN} 1-0

[Event "African Individual Chess Championships 2"]
[Site "Safari Hotel, Windhoek, Namibi"]
[Date "2014.12.20"]
[Round "7.12"]
[White "Handjaba, Mclean"]
[Black "Chimthere, Alfred Charles"]
[Result "0-1"]
[WhiteElo "2033"]
[BlackElo "2006"]
[PlyCount "110"]
[EventDate "2014.12.13"]
[EventRounds "9"]
[EventCountry "NAM"]

1. d4 d5 2. Nf3 Nf6 3. c4 e6 4. a3 Nbd7 5. Nc3 c6 6. c5 Qc7 7. b4 e5 8. Bg5
exd4 9. Nxd4 Qe5 10. Bh4 Ne4 11. Nxe4 Qxe4 12. Bg3 Nf6 13. e3 Be7 14. Qd2 Qg4
15. f3 Qd7 16. Bd3 g6 17. O-O O-O 18. Rfe1 Nh5 19. Bf2 Qd8 20. Rad1 Bh4 21. g3
Bg5 22. Qc2 Ng7 23. e4 dxe4 24. Bxe4 Qc7 25. f4 Bf6 26. b5 Bg4 27. Rb1 Rab8 28.
b6 axb6 29. cxb6 Qd6 30. Nb3 Ne6 31. h3 Bxh3 32. Nc5 Nxc5 33. Rbd1 Nxe4 34.
Rxd6 Nxd6 35. Bc5 Rfe8 36. Rxe8+ Nxe8 37. Qe2 Be6 38. g4 Ng7 39. Kh2 h5 40.
gxh5 Nxh5 41. Qe3 Rd8 42. f5 gxf5 43. Qe2 Rd5 44. Bf2 f4 45. Qf3 Ng7 46. Kg1
Rf5 47. Kf1 Bd5 48. Qg4 f3 49. Be3 Kh7 50. Bd4 Bxd4 51. Qxd4 Ne6 52. Qh4+ Kg6
53. Qh8 f2 54. Qh4 Rf4 55. Qg3+ Kf6 0-1

[Event "African Individual Chess Championships 2"]
[Site "Safari Hotel, Windhoek, Namibi"]
[Date "2014.12.20"]
[Round "7.14"]
[White "Hoareau, Benjamin"]
[Black "Botsoe, Koffi"]
[Result "1/2-1/2"]
[WhiteElo "1853"]
[BlackElo "1566"]
[PlyCount "70"]
[EventDate "2014.12.13"]
[EventRounds "9"]
[EventCountry "NAM"]

1. e4 c5 2. Nf3 Nc6 3. Bc4 e6 4. Nc3 Nge7 5. e5 Nf5 6. d3 a6 7. a4 d6 8. exd6
Bxd6 9. O-O O-O 10. Qe1 Qc7 11. Ne4 Be7 12. c3 Bd7 13. Ng3 Nxg3 14. hxg3 Qb6
15. Qe2 Na5 16. Ne5 Bc8 17. Ba2 Nc6 18. Nc4 Qd8 19. Bf4 b5 20. Ne5 Nxe5 21.
Bxe5 Bd6 22. d4 Bxe5 23. dxe5 Bd7 24. Rfd1 Qc7 25. a5 Bc6 26. b4 c4 27. Rd4
Rfd8 28. Rad1 Rd5 29. f4 Rad8 30. Rxd5 Rxd5 31. Rxd5 Bxd5 32. Bb1 Qc6 33. Bc2
Qb6+ 34. Qf2 Qb7 35. Bd1 f5 1/2-1/2

[Event "African Individual Chess Championships 2"]
[Site "Safari Hotel, Windhoek, Namibi"]
[Date "2014.12.21"]
[Round "8.1"]
[White "Farahat, Ali"]
[Black "Jere, Daniel"]
[Result "1/2-1/2"]
[WhiteElo "2386"]
[BlackElo "2370"]
[PlyCount "77"]
[EventDate "2014.12.13"]
[EventRounds "9"]
[EventCountry "NAM"]

1. e4 e6 2. d4 d5 3. Nc3 Nf6 4. Bg5 Bb4 5. e5 h6 6. Bd2 Bxc3 7. bxc3 Ne4 8. Qg4
Kf8 9. h4 c5 10. Nf3 Nc6 11. Bd3 Nxd2 12. Kxd2 c4 13. Be2 b5 14. a3 a5 15. Rhb1
Rb8 16. Qf4 Qe7 17. h5 Ke8 18. Ke1 Kd8 19. Qh4 Qxh4 20. Nxh4 b4 21. axb4 axb4
22. f4 Kc7 23. Nf3 bxc3 24. Rxb8 Kxb8 25. Ra3 Na7 26. Rxc3 Nb5 27. Re3 Bd7 28.
Kd2 Kc7 29. Kc1 Ra8 30. Kb2 Rb8 31. Kc1 Ra8 32. Kb2 Rb8 33. Kc1 Rg8 34. c3 Ra8
35. Kb2 Rb8 36. Kc1 Ra8 37. Kb2 Rb8 38. Kc1 Rd8 39. g4 1/2-1/2

[Event "African Individual Chess Championships 2"]
[Site "Safari Hotel, Windhoek, Namibi"]
[Date "2014.12.21"]
[Round "8.2"]
[White "Cawdery, Daniel"]
[Black "Solomon, Kenny"]
[Result "1/2-1/2"]
[WhiteElo "2430"]
[BlackElo "2380"]
[PlyCount "60"]
[EventDate "2014.12.13"]
[EventRounds "9"]
[EventCountry "NAM"]

1. e4 e5 2. Nf3 Nc6 3. Bc4 Bc5 4. c3 Nf6 5. d4 exd4 6. cxd4 Bb4+ 7. Bd2 Nxe4 8.
Bxb4 Nxb4 9. Bxf7+ Kxf7 10. Qb3+ d5 11. Qxb4 Rf8 12. Nc3 Kg8 13. Nxe4 dxe4 14.
Qb3+ Kh8 15. Ne5 Qxd4 16. Nf7+ Rxf7 17. Qxf7 Qb4+ 18. Kf1 Bg4 19. Qb3 Qd2 20.
Qc3 Qe2+ 21. Kg1 Rf8 22. Rf1 Be6 23. h3 c6 24. a3 Kg8 25. Qd4 Bd5 26. Kh2 a6
27. b4 h6 28. Qe3 Qc2 29. Rhg1 Qb2 30. Kh1 Qe5 1/2-1/2

[Event "African Individual Chess Championships 2"]
[Site "Safari Hotel, Windhoek, Namibi"]
[Date "2014.12.21"]
[Round "8.3"]
[White "Adly, Ahmed"]
[Black "Wanyama, Harold"]
[Result "1-0"]
[WhiteElo "2591"]
[BlackElo "2241"]
[PlyCount "45"]
[EventDate "2014.12.13"]
[EventRounds "9"]
[EventCountry "NAM"]

1. Nf3 Nf6 2. c4 c5 3. g3 b6 4. Bg2 Bb7 5. O-O g6 6. Nc3 Bg7 7. Re1 Nc6 8. e4
e5 9. d3 O-O 10. Bg5 h6 11. Bd2 d6 12. h3 Nd7 13. Nd5 f5 14. Nh4 Kh7 15. exf5
gxf5 16. Ne3 f4 17. Be4+ Kh8 18. Bd5 Kh7 19. Qg4 Rf6 20. Be4+ Kg8 21. Nef5 Qf8
22. Ng6 Qe8 23. Nge7+ 1-0

[Event "African Individual Chess Championships 2"]
[Site "Safari Hotel, Windhoek, Namibi"]
[Date "2014.12.21"]
[Round "8.4"]
[White "Abrantes, Persson"]
[Black "Simoes, Joao"]
[Result "0-1"]
[WhiteElo "1972"]
[BlackElo "2232"]
[PlyCount "42"]
[EventDate "2014.12.13"]
[EventRounds "9"]
[EventCountry "NAM"]

1. d4 d5 2. c4 e6 3. Nc3 Nf6 4. Bg5 c6 5. Nf3 Nbd7 6. e3 Qa5 7. a3 dxc4 8. Bxc4
Ne4 9. Bf4 Nxc3 10. Qd2 b5 11. Bd3 b4 12. bxc3 bxc3 13. Qc1 Bb7 14. O-O c5 15.
Qb1 Bc6 16. Bxh7 Bxf3 17. gxf3 g6 18. Qb7 Qd8 19. dxc5 Nxc5 {Both Score Sheets
Not Clear.. as what exactly is Move 20.} 20. Qc6+ Nd7 21. Bc7 Rc8 0-1

[Event "African Individual Chess Championships 2"]
[Site "Safari Hotel, Windhoek, Namibi"]
[Date "2014.12.21"]
[Round "8.5"]
[White "Chumfwa, Stanley"]
[Black "Phiri, Richmond"]
[Result "1-0"]
[WhiteElo "2356"]
[BlackElo "2143"]
[PlyCount "64"]
[EventDate "2014.12.13"]
[EventRounds "9"]
[EventCountry "NAM"]

1. e4 c5 2. Nf3 e6 3. d4 cxd4 4. Nxd4 a6 5. Nc3 Ne7 6. Be2 Nbc6 7. O-O Nxd4 8.
Qxd4 Nc6 9. Qd3 Be7 10. Bf4 O-O 11. Rfd1 Qb6 12. Rab1 Qa5 13. Qg3 f5 14. Bd3
fxe4 15. Nxe4 Qh5 16. Be3 d5 17. Ng5 h6 18. Nf3 Rf6 19. Nd4 Nb4 20. Be2 Qg6 21.
a3 Qxg3 22. hxg3 Nc6 23. c4 Ne5 24. cxd5 exd5 25. Rbc1 b5 26. Bf4 Nc4 27. Bf3
Nb6 28. Nc6 Kf8 29. Nxe7 Kxe7 30. Be5 Rg6 31. Re1 Kf8 32. Bxd5 Rb8 1-0

[Event "African Individual Chess Championships 2"]
[Site "Safari Hotel, Windhoek, Namibi"]
[Date "2014.12.21"]
[Round "8.7"]
[White "Van Den Heever, Donovan"]
[Black "Klaasen, Calvin Jong"]
[Result "1-0"]
[WhiteElo "2286"]
[BlackElo "2180"]
[PlyCount "59"]
[EventDate "2014.12.13"]
[EventRounds "9"]
[EventCountry "NAM"]

1. e4 c6 2. d4 d5 3. e5 Bf5 4. Nf3 e6 5. Be2 Ne7 6. Nbd2 Nd7 7. Nb3 Bg6 8. O-O
a6 9. Bd2 Nc8 10. Na5 Qc7 11. c4 b6 12. Nb3 dxc4 13. Bxc4 Be7 14. Qe2 Qb7 15.
Rac1 O-O 16. Bd3 Bxd3 17. Qxd3 Re8 18. Qe4 Na7 19. Rc3 Nf8 20. Ng5 h6 21. Nh3
Nh7 22. Qg4 Kh8 23. Rf3 Bf8 24. Bxh6 Qe7 25. Bg5 f6 26. Qh5 fxg5 27. Rf7 Kg8
28. Rxe7 Bxe7 29. f4 Rf8 30. Qg6 1-0

[Event "African Individual Chess Championships 2"]
[Site "Safari Hotel, Windhoek, Namibi"]
[Date "2014.12.21"]
[Round "8.8"]
[White "Degondo, Simplice Armel"]
[Black "Kigigha, Bomo"]
[Result "0-1"]
[WhiteElo "2177"]
[BlackElo "2291"]
[PlyCount "76"]
[EventDate "2014.12.13"]
[EventRounds "9"]
[EventCountry "NAM"]

1. Nf3 c5 2. e4 Nc6 3. d4 cxd4 4. Nxd4 Qb6 5. Nb3 Nf6 6. Nc3 e6 7. Be3 Qc7 8.
a3 a6 9. f4 d6 10. Bd3 Be7 11. O-O O-O 12. g4 b5 13. g5 Nd7 14. e5 dxe5 15.
Bxh7+ Kxh7 16. Qh5+ Kg8 17. Rf3 f5 18. Rh3 Nf6 19. gxf6 Bxf6 20. Rd1 exf4 21.
Bc5 Bb7 22. Qh7+ Kf7 23. Qh5+ g6 24. Qh7+ Bg7 25. Rh6 Ne5 26. Bxf8 Rxf8 27. Nd4
Qb6 28. Kf1 Rh8 29. Qxh8 Bxh8 30. Rxh8 Ng4 31. Rd2 e5 32. Nb3 Qc6 33. Rh7+ Kg8
34. Rxb7 Qxb7 35. Rd8+ Kg7 36. Nd5 Ne3+ 37. Nxe3 Qf3+ 38. Ke1 fxe3 0-1

[Event "African Individual Chess Championships 2"]
[Site "Safari Hotel, Windhoek, Namibi"]
[Date "2014.12.21"]
[Round "8.9"]
[White "Olebile, Thato"]
[Black "Ameir, Moheb"]
[Result "0-1"]
[WhiteElo "2207"]
[BlackElo "2316"]
[PlyCount "36"]
[EventDate "2014.12.13"]
[EventRounds "9"]
[EventCountry "NAM"]

1. d4 Nf6 2. c4 g6 3. Nc3 d5 4. Nf3 Bg7 5. Bf4 O-O 6. e3 c5 7. Be2 cxd4 8. Nxd4
Nc6 9. Nxc6 bxc6 10. O-O Be6 11. Qa4 Qb6 12. Be5 Rfd8 13. Qa3 dxc4 14. Bd4 Qc7
15. Rac1 h5 16. f3 Bh8 17. Rcd1 Rxd4 18. exd4 {Need to consult both players
Notation not clear.} Bf5 0-1

[Event "African Individual Chess Championships 2"]
[Site "Safari Hotel, Windhoek, Namibi"]
[Date "2014.12.21"]
[Round "8.10"]
[White "Magana, Ben"]
[Black "Fumey, Enyonam Sewa"]
[Result "1-0"]
[WhiteElo "2063"]
[BlackElo "1780"]
[PlyCount "61"]
[EventDate "2014.12.13"]
[EventRounds "9"]
[EventCountry "NAM"]

1. e4 d5 2. exd5 Nf6 3. Be2 Nxd5 4. d4 Bf5 5. Nf3 Nb4 6. Na3 e6 7. O-O Be7 8.
c3 Nd5 9. Qb3 Nb6 10. Bf4 c6 11. Nc4 O-O 12. Bg3 N8d7 13. Nd6 Bxd6 14. Bxd6 Re8
15. c4 Nc8 16. Bf4 Qb6 17. Qc3 c5 18. a3 Nd6 19. b4 Ne4 20. Qb2 cxd4 21. Nxd4
Bg6 22. Nb5 e5 23. Be3 Qd8 24. Nxa7 Nb6 25. Rad1 Qf6 26. Nb5 Qc6 27. Qb3 Rec8
28. f3 Bh5 29. g4 Nxc4 30. Bxc4 Qxc4 31. Rd8+ 1-0

[Event "African Individual Chess Championships 2"]
[Site "Safari Hotel, Windhoek, Namibi"]
[Date "2014.12.21"]
[Round "8.11"]
[White "Anquandah, Francis Eric"]
[Black "Handjaba, Mclean"]
[Result "1/2-1/2"]
[WhiteElo "1952"]
[BlackElo "2033"]
[PlyCount "136"]
[EventDate "2014.12.13"]
[EventRounds "9"]
[EventCountry "NAM"]

1. e4 c5 2. Nf3 g6 3. c3 d5 4. e5 Nc6 5. d4 Bg4 6. Bb5 Qb6 7. a4 Bxf3 8. Qxf3
cxd4 9. cxd4 Qxd4 10. Nc3 Qxe5+ 11. Be3 a6 12. O-O axb5 13. axb5 Rxa1 14. Rxa1
Nd8 15. Nxd5 Bh6 16. Bb6 Nf6 17. Nxf6+ exf6 18. Bxd8 O-O 19. Bxf6 Qxb5 20. h3
Rc8 21. Ra7 Bg7 22. Bxg7 Rc1+ 23. Kh2 Kxg7 24. Rxb7 Qe5+ 25. g3 Qe6 26. b4 Rb1
27. Qc3+ Kh6 28. Qd2+ Kg7 29. Qd4+ Qf6 30. Qxf6+ Kxf6 31. Kg2 Rb3 32. b5 h5 33.
b6 g5 34. Rb8 g4 35. b7 Rb2 36. h4 Kf5 37. Kf1 Kf6 38. Ke1 Kf5 39. Kd1 Kf6 40.
Kc1 Rb6 41. Kc2 Rb5 42. Kd3 Rb1 43. Kd4 Rd1+ 44. Ke4 Re1+ 45. Kf4 Rb1 46. Rh8
Rb4+ 47. Ke3 Rb3+ 48. Kd4 Rxb7 49. Rxh5 Rb2 50. Rg5 Rxf2 51. Rxg4 Rh2 52. Ke3
Kf5 53. Rb4 Kg6 54. Kf3 Rh1 55. Rg4+ Kh5 56. Rg5+ Kh6 57. Kg4 Ra1 58. Rf5 Ra4+
59. Rf4 Ra7 60. h5 Kg7 61. Kh4 Ra1 62. g4 Rh1+ 63. Kg5 Ra1 64. h6+ Kg8 65. h7+
Kxh7 66. Rxf7+ Kg8 67. Kg6 Rg1 68. g5 Ra1 1/2-1/2

[Event "African Individual Chess Championships 2"]
[Site "Safari Hotel, Windhoek, Namibi"]
[Date "2014.12.21"]
[Round "8.12"]
[White "Khoa, Goodwill"]
[Black "Hoareau, Benjamin"]
[Result "1-0"]
[WhiteElo "1990"]
[BlackElo "1853"]
[PlyCount "125"]
[EventDate "2014.12.13"]
[EventRounds "9"]
[EventCountry "NAM"]

1. Nf3 d5 2. c4 e6 3. d4 Nf6 4. Nc3 Bb4 5. Bg5 c6 6. e3 Qa5 7. Bxf6 Bxc3+ 8.
bxc3 Qxc3+ 9. Nd2 gxf6 10. cxd5 exd5 11. Rb1 Nd7 12. Rb3 Qa5 13. Bd3 c5 14. Qh5
Nb6 15. Bb5+ Ke7 16. dxc5 Nc4 17. Qe2 Rd8 18. Rb1 a6 19. Bxc4 dxc4 20. Rc1 Be6
21. Rc2 Rac8 22. O-O Qxc5 23. Rfc1 Rxd2 24. Qxd2 Qa3 25. Qd4 b5 26. f4 a5 27.
Rd1 Qc5 28. e4 Qxd4+ 29. Rxd4 c3 30. a3 Bb3 31. Rc1 c2 32. Kf1 Rb8 33. Ke1 b4
34. axb4 axb4 35. Kd2 Ba4 36. Rxc2 Bxc2 37. Kxc2 b3+ 38. Kb2 Ke6 39. g3 Ke7 40.
h4 Rg8 41. Rd3 Rb8 42. Rxb3 Rd8 43. Kc3 Rd1 44. Kc4 Ke6 45. Rd3 Rc1+ 46. Kd4 f5
47. e5 Rc6 48. Ke3 Ke7 49. Ra3 Rg6 50. Ra7+ Ke8 51. Kf3 Rb6 52. Rc7 Rb3+ 53.
Kg2 Rb2+ 54. Kh3 Rb6 55. Rc3 Kd7 56. Rd3+ Ke7 57. Ra3 Kf8 58. g4 fxg4+ 59. Kxg4
Rg6+ 60. Kh5 Kg7 61. f5 Rh6+ 62. Kg5 Rb6 63. f6+ 1-0